NHL All-Time Lineups - Statistics

General Stats
  • This quiz has been taken 214 times
  • The average score is 92 of 192
Answer Stats
Hint Answer % Correct
Edmonton Oilers F Wayne Gretzky
89%
F Sidney Crosby
84%
Anaheim Ducks F Teemu Selanne
80%
F Connor McDavid
79%
F Patrick Kane
79%
Pittsburgh Penguins F Mario Lemieux
78%
F Theo Fleury
78%
Boston Bruins F Bobby Orr
77%
F Jonathan Toews
77%
G Marc-Andre Fleury
77%
Washington Capitals F Alexander Ovechkin
76%
F Mark Messier
75%
G Patrick Roy
75%
F Peter Forsberg
75%
Chicago Blackhawks F Bobby Hull
74%
Nashville Predators F Filip Forsberg
74%
St. Louis Blues F Brett Hull
73%
F Steven Stamkos
73%
D Erik Karlsson
72%
G Pekka Rinne
72%
F William Karlsson
72%
Colorado Avalanche F Joe Sakic
71%
G Roberto Luongo
71%
F Daniel Sedin
70%
Vancouver Canucks F Henrik Sedin
70%
F Joe Thornton
70%
G Martin Brodeur
70%
Tampa Bay Lightning F Martin St. Louis
69%
Dallas Stars F Mike Modano
69%
F Patrice Bergeron
69%
F Ryan Getzlaf
69%
Detroit Red Wings F Gordie Howe
68%
F Jaromir Jagr
68%
D Mark Howe
68%
F Phil Esposito
68%
G Tony Esposito
68%
G Henrik Lundqvist
67%
Calgary Flames F Jarome Iginla
67%
Montreal Canadiens F Maurice Richard
67%
F Nathan MacKinnon
67%
Arizona Coyotes F Shane Doan
67%
F Steve Yzerman
67%
D Nicklas Lidstrom
66%
F Anze Kopitar
65%
F Keith Tkachuk
65%
New York Islanders F Mike Bossy
65%
D Ray Bourque
65%
D Victor Hedman
65%
G Andrei Vasilevskiy
64%
G Dominik Hasek
64%
D Kris Letang
64%
Columbus Blue Jackets F Rick Nash
64%
D Roman Josi
64%
F Auston Matthews
63%
G Jonathan Quick
63%
Florida Panthers F Aleksander Barkov
62%
F Nicklas Backstrom
62%
G Niklas Backstrom
62%
D Zdeno Chara
62%
G Billy Smith
61%
F Guy Lafleur
61%
F Paul Kariya
61%
G Sergei Bobrovsky
61%
G Tuukka Rask
61%
D Brent Burns
60%
D Drew Doughty
60%
D Scott Niedermayer
60%
Ottawa Senators F Daniel Alfredsson
59%
D Duncan Keith
59%
F Mats Sundin
59%
San Jose Sharks F Patrick Marleau
59%
F Mark Stone
58%
D Cale Makar
55%
F Jamie Benn
55%
F Joe Pavelski
55%
D Paul Coffey
55%
D Chris Pronger
54%
New Jersey Devils F Patrik Elias
54%
F Eric Staal
53%
G Grant Fuhr
53%
F Vincent Lecavalier
53%
F Eric Lindros
52%
F Pavel Bure
52%
Philadelphia Flyers F Bobby Clarke
51%
F Rod Brind’amour
51%
D | F Al MacInnis
50%
D John Carlson
50%
Vegas Golden Knights F Jonathan Marchessault
50%
F Bryan Trottier
49%
G Craig Anderson
49%
G Miikka Kiprusoff
49%
G Philip Grubauer
49%
D Scott Stevens
48%
D Shea Weber
48%
D Alex Pietrangelo
47%
F Brian Sutter
47%
G Cam Ward
47%
Minnesota Wild F Mikku Koivu
47%
Carolina Hurricanes F Ron Francis
47%
F Jordan Eberle
46%
D Aaron Ward
45%
D Brian Leetch
45%
D Denis Potvin
45%
D Gary Suter
45%
G JS Giguere
45%
D Ryan Suter
45%
D Zach Werenski
45%
Buffalo Sabres F Gilbert Perreault
44%
D Seth Jones
44%
F Dany Heatley
43%
Seattle Kraken F Jared McCann
43%
D Aaron Ekblad
41%
Winnipeg Jets F Dale Hawerchuk
41%
F Jean Beliveau
41%
F Blake Wheeler
40%
F Pat LaFontaine
40%
D Shea Theodore
40%
D Mark Giordano
39%
D Brent Seabrook
38%
F Zach Parise
38%
F Adam Oates
37%
D Larry Robinson
37%
F Jason Spezza
36%
D Vince Dunn
36%
G Evgeni Nabokov
35%
F Marian Gaborik
35%
D Sergei Zubov
35%
D Rob Blake
34%
G Terry Sawchuk
32%
D Dustin Byfuglien
31%
F Jeremy Roenick
30%
F Nick Foligno
30%
G Olaf Kolzig
30%
F David Legwand
29%
F Ted Lindsay
29%
G Marty Turco
28%
G Curtis Joseph
26%
D Phil Housley
26%
D Adam Foote
25%
G Bernie Parent
25%
D Börje Salming
25%
F Cam Atkinson
25%
F Jean Ratelle
25%
G Johnny Bower
25%
F Olli Jokinen
25%
D Adam Fox
24%
D Adam Larsson
24%
D Jared Spurgeon
24%
D Dan Boyle
23%
F Bernie Federko
22%
F Bill Barber
22%
D Teppo Numminen
22%
F Rod Gilbert
21%
D Tim Horton
21%
D Doug Harvey
19%
F Rick Martin
19%
F Yanni Gourde
19%
D Derian Hatcher
18%
D Kevin Lowe
16%
D Chris Phillips
15%
D Kimmo Timonen
15%
D Red Kelly
15%
D Kevin Bieksa
14%
F John MacLean
12%
F Brenden Morrow
11%
D Ed Jovanovski
11%
D Ken Morrow
11%
D Glen Wesley
10%
D Rod Langway
10%
F Mike Fisher
9%
F Bobby Holik
8%
D Jay Bouwmeester
8%
G Sean Burke
8%
Los Angeles Kings F Marcel Dione
7%
Toronto Maple Leafs F Doug Gilmore
5%
G Bob Essensa
4%
D Bill Hajt
1%
D Jim Schoenfeld
0%
No matching quizzes found
Score Distribution
Percent of People with Each Score
Percentile by Number Answered
Your Score History
You have not taken this quiz